000 00547nam a2200181Ia 4500
005 20250923145829.0
008 008 250917s9999 xx 000 0 eng d
037 _aTextual
040 _aDSWL
_beng
_cDSWL
041 _aeng
_2eng
084 _aYX,34, N73
_qDSWL
100 _aChatterjee, B.
_9839377
245 0 _aSocial Service opportunities for students in slum areas
_c by B. Chatterjee
260 _aDelhi
_b Director of census operation
_c1973
300 _a23p.
942 _cTEXL
_hYX,34, N73
999 _c1456235
_d1456235